Дневникът на един Дръндьо : Кофти късмет : Ч.8 (Запис номер 189367)
[ съкратено ]
| 000 -Лидер | |
|---|---|
| Контролно поле с фиксирана дължина | 01712nam a2200433 a 4500 |
| 003 - Код на организацията, давaща контролен номер | |
| Контролно поле | BLK |
| 005 - Дата и час на последна редакция | |
| Контролно поле | 20250802163000.0 |
| 008 - Елементи от данни с фиксирана дължина | |
| fixed length control field | 180411b bul|||||r ||||||| ||bul|| |
| 010 ## - Наследен системен номер | |
| LC control number | KNG00198402000 |
| 020 ## - Международен стандартен номер на книга ISBN | |
| Международен стандартен номер на книга ISBN | 978-954-8396-73-8 |
| Поясняваща информация | мека подв. |
| 020 ## - Международен стандартен номер на книга ISBN | |
| Международен стандартен номер на книга ISBN | 978-954-8396-74-5 |
| Поясняваща информация | твърда подв. |
| 040 ## - Източник на каталожния запис | |
| Идентификатор на билиотеката - собственик на записа | BLK |
| 041 ## - Код за език | |
| Код за езика на текст/звукозапис или на отделно заглавие | Български |
| Код за езика КДБФ | Български |
| 072 #7 - Код за тематичната категория | |
| Код организация | bullib |
| Код за тематична категория | Н85 |
| Текст | Детска художествена литература Н |
| 080 ## - УДК | |
| Текстов определител УДК | Американска литература (на САЩ) |
| УДК код - определител по УДК | 821.111(73) |
| УДК определител | -93-32 |
| УДК - код + определител | 821.111(73)-93-32 |
| 100 1# - Редна дума - Автор | |
| Автор | Кини, Джеф |
| Авторска отговорност | първи автор |
| R(LIN) | 309890 |
| 139 ## - Редно поле | |
| Редна дума | Кини, Джеф |
| Авторски знак | Кин - К 54 |
| 245 10 - Сведения за заглавието | |
| Заглавие | Дневникът на един Дръндьо : Кофти късмет : Ч.8 |
| Редно поле (дума) | Джеф Кини ; прев. от англ. Михаил Балабанов. |
| 257 ## - Страна на издаване | |
| Страна на създаване/издаване | Съединени американски щати |
| 260 ## - Област на издателските данни | |
| Място на издаване, разпространение и проч. | София |
| Име на издателя, разпространителя и проч. | ДУО ДИЗАЙН |
| Година на издаване | 2016 |
| 300 ## - Физическа характеристика | |
| Страници | 218 с. |
| Илюстрации и др. | с ил. |
| Размери/Мащаб | 21 см |
| 380 ## - Жанр | |
| Жанр | Детска худож. лит. |
| 500 ## - Общи забележки | |
| Забележка | Ориг. загл. Diary of a Wimpy Kid. Hard Luck / Jeff Kinney. - Съдържа и За автора. Кн. 8. |
| 653 ## - Ключова дума – ненормативна | |
| Ключова дума | повести |
| 653 ## - Ключова дума – ненормативна | |
| Ключова дума | литература за деца |
| 653 ## - Ключова дума – ненормативна | |
| Ключова дума | детска литература |
| 659 ## - Тематичен бюлетин | |
| Тематичен бюлетин | Н |
| 700 ## - Други автори (авторска отговорност) | |
| Лично име | Балабанов, Михаил Петров |
| Автороска отговорност (Описва отношението между автора и произведението) | прев. от англ. |
| 9 (RLIN) | 443003 |
| 852 ## - Местоположение | |
| Форматна сигнатура | Цб 295096 |
| 856 4# - Електронен адрес и достъп | |
| Електронен формат | pdf - файл |
| Инструкция (цена за достъп) | 0.00 |
| Права за достъп | disable |
| 856 4# - Електронен адрес и достъп | |
| Електронен формат | pdf - файл |
| Инструкция (цена за достъп) | 0.00 |
| Права за достъп | disable |
| 999 ## - СИСТЕМНИ КОНТРОЛНИ НОМЕРА | |
| Koha biblionumber | 189367 |
| Koha biblioitemnumber | 189367 |
| 942 ## - АРТИКУЛИ | |
| Вид на библиотечния материал | Книги |
| Скрит в OPAC | Не |
| Koha issues (borrowed), all copies | 333 |
| Периодичен библиозапис | Да |
| 944 ## - СЪЗДАВАНЕ И РЕДАКЦИЯ на ЗАПИСА | |
| Създаване/Редакция | Създаване |
| Дата на регистрацията/редакция | 16.12.2016 |
| Статус, дата на статуса | Ива Цветкова |
| Служител, извършил регистрацията/редакцията | 30543 |
| 944 ## - СЪЗДАВАНЕ И РЕДАКЦИЯ на ЗАПИСА | |
| Създаване/Редакция | Редакция |
| Дата на регистрацията/редакция | 25.05.2017 |
| Статус, дата на статуса | ф / |
| Служител, извършил регистрацията/редакцията | Виолета_Тройчева |
| 999 ## - СИСТЕМНИ КОНТРОЛНИ НОМЕРА | |
| Koha biblioitemnumber | 189367 |
| 999 ## - СИСТЕМНИ КОНТРОЛНИ НОМЕРА | |
| Koha biblioitemnumber | 189367 |
| 999 ## - СИСТЕМНИ КОНТРОЛНИ НОМЕРА | |
| Koha biblioitemnumber | 189367 |
| 999 ## - СИСТЕМНИ КОНТРОЛНИ НОМЕРА | |
| Koha biblioitemnumber | 189367 |
| Код за отписване | Код за изгубен артикул | Източник на класификационната схема | Код за повреда | Коз за рестрикции | Код за отдаване | Артикулен № | Име на библиотеката - собственик | Име на библиотеката, в която се намира в момента | Статус (Текущо местоположение) | Дата на вписване в системата | Местоположение - отдел | Цена в лева | Инвентарен номер | Систематично азбучна сигнатура | Баркод | Номер на екземпляра | Цена в евро | Служебна бележка | Служебен тип на артикула |
|---|---|---|---|---|---|---|---|---|---|---|---|---|---|---|---|---|---|---|---|
| Не е изгубен | Universal Decimal Classification | Не е повреден | без рестрикции | заемане за дома | 333166 | Регионална библиотека "Любен Каравелов" Русе | Регионална библиотека "Любен Каравелов" Русе | Детски отдел | 2016-12-21 | Детски отдел | 14.90 | 120000806679 | ДХ 820/899/К 54 | 120000806679 | 1 | 7.62 | Дост: Pk Вид: Ф N: 475 Дата: 19.12.2016 | Книги | |
| Не е изгубен | Universal Decimal Classification | Не е повреден | без рестрикции | заемане за дома | 333167 | Регионална библиотека "Любен Каравелов" Русе | Регионална библиотека "Любен Каравелов" Русе | Детски отдел | 2016-12-21 | Детски отдел | 14.90 | 120000806680 | ДХ 820/899/К 54 | 120000806680 | 2 | 7.62 | Дост: Pk Вид: Ф N: 475 Дата: 19.12.2016 | Книги | |
| Не е изгубен | Universal Decimal Classification | Не е повреден | без рестрикции | заемане за дома | 333168 | Регионална библиотека "Любен Каравелов" Русе | Регионална библиотека "Любен Каравелов" Русе | Детски отдел | 2016-12-21 | Детски отдел | 14.90 | 120000806681 | ДХ 820/899/К 54 | 120000806681 | 3 | 7.62 | Дост: Pk Вид: Ф N: 475 Дата: 19.12.2016 | Книги | |
| Не е изгубен | Universal Decimal Classification | Не е повреден | без рестрикции | заемане за дома | 677664 | Регионална библиотека "Любен Каравелов" Русе | Регионална библиотека "Любен Каравелов" Русе | Детски отдел | 2018-06-19 | Детски отдел | 13.00 | 120000821379 | ДХ 820/899/К 54 | 120000821379 | 6.65 | Книги | |||
| Не е изгубен | Universal Decimal Classification | Не е повреден | без рестрикции | заемане за дома | 677665 | Регионална библиотека "Любен Каравелов" Русе | Регионална библиотека "Любен Каравелов" Русе | Детски отдел | 2018-06-19 | Детски отдел | 13.00 | 120000821380 | ДХ 820/899/К 54 | 120000821380 | 6.65 | Книги | |||
| Не е изгубен | Universal Decimal Classification | Не е повреден | без рестрикции | ползва се в читалня | 721989 | Регионална библиотека "Любен Каравелов" Русе | Регионална библиотека "Любен Каравелов" Русе | Хранилище | 2019-06-17 | Хранилище | 14.90 | Цб 295096 | 120000832461 | 7.62 | Книги | ||||
| Не е изгубен | Universal Decimal Classification | Не е повреден | без рестрикции | заемане за дома | 921945 | Регионална библиотека "Любен Каравелов" Русе | Регионална библиотека "Любен Каравелов" Русе | Детски отдел | 2023-01-18 | Детски отдел | 10.43 | 821-93/К 54 Д | 120000881591 | 5.33 | Книги | ||||
| Не е изгубен | Universal Decimal Classification | Не е повреден | без рестрикции | заемане за дома | 921946 | Регионална библиотека "Любен Каравелов" Русе | Регионална библиотека "Любен Каравелов" Русе | Детски отдел | 2023-01-18 | Детски отдел | 10.43 | 821-93/К 54 Д | 120000881592 | 5.33 | Книги |